| 000 | 00878cam a2200277 a 4500 | ||
|---|---|---|---|
| 001 | 1632880 | ||
| 003 | OSt | ||
| 005 | 20240618112049.0 | ||
| 008 | 960124s1997 caua 001 0 eng | ||
| 010 | _a 96002424 | ||
| 020 | _a0534955746 (hardcover) | ||
| 040 |
_aMUST LIB _cMUST _dMUST |
||
| 050 | 0 | 0 |
_aQA372 _b.Z54 1997 |
| 082 | 0 | 0 |
_a515.35 ZIL 1997 _220 |
| 100 | 1 |
_aZill, Dennis G.; _917402 |
|
| 245 | 1 | 2 | _aA first Course in Differential Equations with Modeling Applications |
| 250 | _a6th ed. | ||
| 260 |
_aPacific Grove; _bBrooks, _cc1997. |
||
| 300 |
_axi, 387, [51] p. : _bill. ; _c26 cm. |
||
| 500 | _aIncludes index. | ||
| 650 | 0 |
_aDifferential equations. _9751 |
|
| 650 | 0 | _aMathematics | |
| 906 |
_a7 _bcbc _corignew _d1 _eocip _f19 _gy-gencatlg |
||
| 942 |
_2ddc _cO_SHELF |
||
| 999 |
_c8583 _d8583 |
||